|
|
|
|
| LEADER |
01100nam a22002777a 4500 |
| 001 |
6112 |
| 003 |
BD-DhAAL |
| 005 |
20190106170714.0 |
| 008 |
190106t1994 ncua|||| |||| 00| 0 eng d |
| 999 |
|
|
|c 40395
|d 40395
|
| 040 |
|
|
|a BD-DhAAL
|
| 082 |
|
|
|a 616.246
|2 22
|
| 100 |
|
|
|a Chowdhury, Alamgir Hossain
|9 29456
|
| 245 |
|
|
|a Reducing the irregular treatment and drop out cases from the BRAC’s community based tuberculosis control program /
|c Alamgir Hossain Chowdhury
|
| 260 |
|
|
|a North Carolina :
|b University of North Carolina,
|c 1994
|
| 300 |
|
|
|a xiii, 77 pages :
|b illustrations ;
|c 29 cm.
|
| 504 |
|
|
|a including bibliographical references
|
| 526 |
|
|
|a AAL
|
| 541 |
|
|
|a BRAC
|e 6112
|
| 650 |
|
|
|a Tuberculosis
|9 29457
|
| 650 |
|
|
|a Tuberculosis
|x prevention & control
|9 29458
|
| 650 |
|
|
|a Village health communicators
|9 29459
|
| 650 |
|
|
|a BRAC
|9 29460
|
| 852 |
|
|
|a Ayesha Abed Library
|c General Stacks
|
| 942 |
|
|
|2 ddc
|c BK
|
| 952 |
|
|
|0 0
|1 4
|2 ddc
|4 0
|6 616_246000000000000_CHO
|7 0
|9 64925
|a BRACUL
|b BRACUL
|c GEN
|d 2019-01-06
|e BRAC
|l 0
|o 616.246 CHO
|p 3010006112
|r 2019-01-06
|t 1
|w 2019-01-06
|y BK
|x Koha Inventory 2020
|